=LDR 00000nam 2200000 4500 =001 INLIS000000000026563 =005 20130612125010 =008 ***********************************Ind** =035 ##$$0010-061300000026563 =041 ##$$a Ind =082 ##$$a 2X6.3 =090 ##$$a 2X6.3, Muf p =100 ##$$a Muftah, Muhmmad =245 ##$$a Prilaku konsumen dalam prespektif ilmu ekonomi islam, Muhammad Muflih =260 ##$$a 2006 $b Jakarta =300 ##$$a xx, 158 hlm, ilus, 21 cm =650 ##$$a Islam - Ekonomi =850 ##$$a NBPNMAT